Bezpečnostná plomba

Bibliographic Details
Corporate Author: Sealsec (Marianka, Slovensko) (Patent holder)
Other Authors: Kopačka, Milan (Originator), Kopačka, Matúš (Originator)
Format: Book
Language:Slovak
PhysicalDescription:6 s. obr. 30 cm
Published: [Banská Bystrica] Úrad priemyselného vlastníctva SR [2017]
Subjects:

MARC

LEADER 00000cam a2200000 a 4500
001 vtls011619111
003 SK-MaSNL
005 20260331210513.0
008 251120s2017 xo a f j f000 0 slo
013 |a 288459  |b xo  |c patent  |d 20170127  |e dátum sprístupnenia patentu 
013 |a 50040-2013  |e číslo prihlášky  |d 20130815  |e dátum podania prihlášky  |d 20150401  |e dátum zverejnenia prihlášky (Vestník ÚPV SR č.: 04/2015) 
015 |a SNBN2017 
040 |a SNK  |b slo  |c SNK  |e AACR2 
041 0 |a slo 
044 |a xo  |c SK 
072 7 |a 621  |x Strojárstvo  |2 konspekt 
080 |a 621.798.74  |2 2011 
080 |a 621.798.1  |2 2001 
084 |a G09F 3/00  |2 IPC 
100 1 |a Kopačka, Milan  |4 org  |9 421259 
245 1 0 |a Bezpečnostná plomba  |c Milan Kopačka, Matúš Kopačka ; patent. zást. MAJLINGOVÁ & PARTNERS Bratislava 
260 |a [Banská Bystrica]  |b Úrad priemyselného vlastníctva SR  |c [2017] 
300 |a 6 s.  |b obr.  |c 30 cm 
650 0 7 |a obaly  |2 SNKPH  |9 16768 
650 0 7 |a obalová technika  |2 SNKPH  |9 67815 
650 0 7 |a Containers  |2 SNKPHeng  |9 303928 
650 0 7 |a Packaging  |2 SNKPHeng  |9 317142 
655 7 |a patenty  |2 SNKPH  |9 177343 
655 7 |a patent licenses  |2 SNKPHeng  |9 303430 
700 1 |a Kopačka, Matúš  |4 org  |9 428377 
710 2 |a Majlingová & Partners (Bratislava, Slovensko)  |4 oth  |9 262808 
710 2 |a Sealsec (Marianka, Slovensko)  |4 pth  |9 506628 
999 |c 935949  |d 937879 
952 |a SNK  |b SNK  |y PREZ  |7 0  |p 17A1255299  |o snkSK 288459  |i snk2017/7941  |8 0  |0 0  |1 0  |4 0  |d 2017-03-31  |l 0  |r 2026-02-24 09:02:59  |w 2026-02-24